Станки с программным управлением: библиографический указатель отечественной литературы за 1974 год

Бібліографічні деталі
Співавтор: Центральная научно-техническая библиотека
Інші автори: Авдеенко Г. С. (составитель), Змиев Д. М.
Резюме:Исключено из фонда НТБ ТПУ
Мова:Російська
Опубліковано: Москва, НИИМАШ, 1975
Формат: Книга
KOHA link:https://koha.lib.tpu.ru/cgi-bin/koha/opac-detail.pl?biblionumber=113420

MARC

LEADER 00000nam0a2200000 4500
001 113420
005 20231031121816.0
035 |a (RuTPU)RU\TPU\book\122665 
035 |a RU\TPU\book\122664 
090 |a 113420 
100 |a 20070410d1975 km y0rusy50 ca 
101 0 |a rus 
102 |a RU 
105 |a y a 001zy 
200 1 |a Станки с программным управлением  |e библиографический указатель отечественной литературы за 1974 год  |f Центральная научно-техническая библиотека; сост. Г. С. Авдеенко, Д. М.Змиев  
210 |a Москва  |c НИИМАШ  |d 1975 
215 |a 62 с. 
320 |a Указ. в конце кн.: с. 53-60 
333 |a Исключено из фонда НТБ ТПУ 
702 1 |a Авдеенко  |b Г. С.  |4 220 
702 1 |a Змиев  |b Д. М.  |4 220 
712 0 2 |a Центральная научно-техническая библиотека 
801 1 |a RU  |b 63413507  |c 20070410  |g PSBO 
801 2 |a RU  |b 63413507  |c 20120515  |g PSBO 
942 |c BK